000 00756nam a2200229 i 4500
001 32140
003 ES-MaACL
005 20250701121353.0
007 t|
008 030225 1903 xxka |||| |beng d
080 _a75Botticelli
100 1 _aAdy, Julia Mary Cartwright.
_918503
245 1 0 _aSandro Botticelli /
_cby Julia Cartwright (Mrs. Ady).
260 _aLondon :
_bDuckworth & Co.,
_c[1903]
300 _aXIV. 216 p. :
_bil. ;
_c15 cm.
530 _aDisponible en formato digital.
600 1 4 _aBotticelli, Sandro.
_9150540
852 _aES-MaACL
_jF-473
_cDEPO2
_zRevisado enlace: 1 de junio 2025
856 4 _uhttp://archive.org/details/sandrobotticelli00adyjrich
_yInternet Archive
942 _2udc
999 _c32140
_d32140